00419 2200157 4500001002100000005001500021035002000036245006900056100002200125300001200147260004600159082000800205084001400213020002200227990001200249INLIS00000000000251020250604113440 a0010-06250000961 aSuper Modul KSN Komputer 3 :bStruktur Data /cMaralisa Aulia R.0 aMaralisa Aulia R. a261 hlm aJakarta :bPT. Jakarta Sains Media,c2022 a600 a600 MAR s a978-623-6111-30-7 a0754862